000 00852nam0a22002411 4500
001 rc\3242132
005 20250609170434.0
021 _aRU
_bРг3744-71
035 _a(NLR Aleph) 007376263
090 _a6459401
_c6459401
100 _a20130115d1970 |||y0rusy50 ca
101 0 _arus
102 _aRU
105 _aa z |||||
200 1 _aХимико-термическая обработка сталей и сплавов
_eИнструкция № 883-70
_eВзамен инструкции № 883-66 и ТР1-807
_e[Утв. ВИАМ 24/III 1970 г.
210 _aМосква
_cБ. и.
_d1970
215 _a39 с.
_cил.
_d21
712 0 2 _aВНИИ авиационных материалов
_9347410
_3RU\NLR\AUTH\889925800
801 0 _aRU
_bNLR
_gpsbo
801 1 _aRU
_bELAR
_2rusmarc
852 _aNLR
_jПт 36.51/15
942 _cBOOK
980 _aNB